Coat of arms with South america - Statistics

General Stats
  • This quiz has been taken 72 times
  • The average score is 12 of 13
Answer Stats
Picture Answer % Correct
Argentina
100%
Bolivia
96%
Brazil
94%
Colombia
91%
Ecuador
91%
Chile
89%
French guiana
85%
Guyana
85%
Paraguay
85%
Peru
85%
Suriname
85%
Uruguay
85%
Venezuela
83%
No matching quizzes found
Score Distribution
Percent of People with Each Score
Percentile by Number Answered
Your Score History
You have not taken this quiz